Rappeur fr en fonction de son titre #2 - Statistiques

Statistiques générales
  • Ce quiz a été pris 4 324 fois
  • Le résultat moyen est 12 sur 18
Statistiques - réponses
Hint Réponse % Correct
La vie qu'on mène Ninho
96%
Désacordé Vald
89%
Die Gazo
88%
Demain Plk
86%
L1 L2 Zola
84%
Woin Woin Larry
77%
91's Pnl
77%
Petrouchka Soso Maness
77%
Champs Elysées Sch
72%
Raspoutine Ziak
72%
Gasolina Tiakola
71%
C'est mon sang Rk
69%
Souris Verte Naza
67%
J'fais mes affaires Djadja et Dinaz
58%
San Pellegrino Chily
42%
La vraie vie Da uzi
34%
Cellophané Rim'K
26%
Sensation Houdi
20%
Aucun quiz correspondant
Distribution des résultats
% des personnes avec chaque résultat
Percentile par nombre de réponses
Votre historique - résultats
Vous n’avez pas pris ce quiz